|
|
|
|
| LEADER |
00000cam a2200000 7i4500 |
| 001 |
0000023913 |
| 005 |
20180228093000.0 |
| 020 |
|
|
|a 0801301211
|
| 090 |
0 |
0 |
|a P96.I5
|b C76 1990
|
| 245 |
0 |
0 |
|a Current issues in international communication :
|b L. John Martin and Ray Eldon Hiebert
|
| 260 |
2 |
|
|a New York ; London :
|b Longman ,
|c c1990
|
| 300 |
|
|
|a vii, 390 p. ;
|c 24 cm.
|
| 504 |
|
|
|a Includes index
|
| 650 |
|
0 |
|a Communication policy
|
| 650 |
|
0 |
|a Communication, International
|
| 650 |
|
0 |
|a Communication
|x International cooperation
|
| 700 |
1 |
|
|a Hiebert, Ray Eldon ,
|e author
|
| 700 |
1 |
|
|a Martin, L. John [
|q (Leslie John)] ,
|d 1921- ,
|e author
|
| 999 |
|
|
|a 1000031456
|b Book
|c OPEN SHELF (30 DAYS)
|e Gong Badak Campus
|